000
00278 a2200133 4500
000
nam a22 7a 4500
100
_a
kuby
110
_a
kuby
245
_a
Kuby Immunology
250
_a
latest edition
260
_b
Medtech
_c
2026
264
_b
Medtech
_c
2026
942
_c
BK
999
_c
395168
_d
395168